000 00380nam a2200145Ia 4500
008 210210b1986 xxu||||| |||| 00| 0 eng d
082 _a823.914 FOLK
100 _aFOLK TALES.
245 _aFolk tales of Mexico.
260 _aN D
_bSterling Publishers Pvt Ltd.,
_c1986
300 _a128
650 _aFolk Tales of Mexico
690 _aIndian English Fiction
906 _a040571
999 _c90353
_d90353